| 000 | 01130nam a2200241 a 4500 | ||
|---|---|---|---|
| 005 | 20140310183615.0 | ||
| 008 | 120903s19uu xx 00 eng d | ||
| 020 | _a9780781774659 | ||
| 050 |
_aRT 41 _b.T398 2008 |
||
| 100 | _aLynn, Pamela Barbara | ||
| 245 |
_aTaylor's clinical nursing skills : _ba nursing process approach / _cPamela Lynn. |
||
| 250 | _a2nd ed. | ||
| 260 |
_aPhiladelphia : _bLippincott Williams & Wilkins, _c2008. |
||
| 300 |
_axx, 1052 p. : _bcol. ill .; _c28 cm. |
||
| 500 | _aRev. ed. of: Taylor's clinical nursing skills / [edited by] Pamela Evans-Smith. c2005. To accompany: Fundamentals of nursing / Carol Taylor ... [et al.]. 6th ed. c2008 [1 CD] | ||
| 520 | _aDetails the skills identified in "Taylor's Fundamentals of Nursing, Sixth Edition" and describes additional advanced skills. This title outlines the procedures and skills in a step-by-step manner, with rationale, and offers guidance on how to respond to unanticipated outcomes | ||
| 521 | _aNUR | ||
| 650 | _aNursing | ||
| 650 | _aNursing process | ||
| 650 |
_aNursing care _xMethods |
||
| 942 |
_cBK _2lcc _kFOR |
||
| 999 |
_c25312 _d25312 |
||